American politics; (Record no. 1656)

MARC details
000 -LEADER
fixed length control field 00783cam a2200241 4500
001 - CONTROL NUMBER
control field 1263188
003 - CONTROL NUMBER IDENTIFIER
control field OSt
005 - DATE AND TIME OF LATEST TRANSACTION
control field 20230620114051.0
008 - FIXED-LENGTH DATA ELEMENTS--GENERAL INFORMATION
fixed length control field 700126s1970 nyua 000 0 eng
010 ## - LIBRARY OF CONGRESS CONTROL NUMBER
LC control number 74089494
020 ## - INTERNATIONAL STANDARD BOOK NUMBER
International Standard Book Number 0030785405
040 ## - CATALOGING SOURCE
Original cataloging agency DLC
Transcribing agency DLC
Modifying agency DLC
050 00 - LIBRARY OF CONGRESS CALL NUMBER
Classification number JK271
Item number .M67
082 00 - DEWEY DECIMAL CLASSIFICATION NUMBER
Classification number 320.9/73
Item number MON
100 1# - MAIN ENTRY--PERSONAL NAME
Personal name Monsma, Stephen V.,
Dates associated with a name 1936-
Relator term comp.
245 10 - TITLE STATEMENT
Title American politics;
Remainder of title research and readings.
Statement of responsibility, etc. Edited by Stephen V. Monsma [and] Jack R. Van Der Slik.
260 ## - PUBLICATION, DISTRIBUTION, ETC. (IMPRINT)
Place of publication, distribution, etc. New York,
Name of publisher, distributor, etc. Holt, Rinehart and Winston
Date of publication, distribution, etc. [1970]
300 ## - PHYSICAL DESCRIPTION
Extent xii, 650 p.
Other physical details illus.
Dimensions 24 cm.
651 #0 - SUBJECT ADDED ENTRY--GEOGRAPHIC NAME
Geographic name United States
General subdivision Politics and government.
700 1# - ADDED ENTRY--PERSONAL NAME
Personal name Van Der Slik, Jack R.,
Dates associated with a name 1936-
Relator term joint comp.
906 ## - LOCAL DATA ELEMENT F, LDF (RLIN)
a 7
b cbc
c orignew
d u
e ncip
f 19
g y-gencatlg
942 ## - ADDED ENTRY ELEMENTS (KOHA)
Source of classification or shelving scheme Dewey Decimal Classification
Koha item type Books
Holdings
Withdrawn status Lost status Source of classification or shelving scheme Damaged status Not for loan Home library Current library Date acquired Total Checkouts Full call number Barcode Date last seen Price effective from Koha item type
    Dewey Decimal Classification     County Hall Archives County Hall Archives 06/20/2023   320.9/73 MON 10000950 06/20/2023 06/20/2023 Books
LIBRARY OPENING HOURS

When the Parliament is sitting: 8.00a.m - 7.00p.m or until the house adjourns
Mondays and Fridays and when the House is on Recess:  8.00a.m - 5.00p.m
Closed on Weekends and Public Holidays

Online Public Access Catalog (OPAC)
Website: http://www.parliament.go.ke
Bunge Library: https://libraryir.parliament.go.ke
Contact: library@parliament.go.ke | Tel no: (254-2)2221291 or 2848000 Ext 5043